Ciencias, tecnologías y narrativas de las culturas indígenas y migrantes : (Record no. 210526)

MARC details
000 -CABECERA
campo de control de longitud fija 01233cam a22002537a 4500
003 - IDENTIFICADOR DEL NÚMERO DE CONTROL
campo de control MX-MxUPN
005 - FECHA Y HORA DE LA ÚLTIMA TRANSACCIÓN
campo de control 20231128063853.0
008 - ELEMENTOS DE LONGITUD FIJA--INFORMACIÓN GENERAL
campo de control de longitud fija 231019s2014 mx|a|||ar|||| 000 0 spa d
020 ## - NÚMERO INTERNACIONAL NORMALIZADO PARA LIBROS
Número Internacional Estándar del Libro 9786077879947
040 ## - FUENTE DE LA CATALOGACIÓN
Centro catalogador/agencia de origen MX-MxUPN
Lengua de catalogación spa
050 #4 - SIGNATURA TOPOGRÁFICA DE LA BIBLIOTECA DEL CONGRESO
Número de clasificación LB1185 M6
Número de documento/Ítem C54 2014
245 10 - MENCIÓN DE TÍTULO
Título Ciencias, tecnologías y narrativas de las culturas indígenas y migrantes :
Resto del título seres vivos y astronomía : cuaderno del alumno : preescolar indígena y migrante
250 ## - MENCIÓN DE EDICIÓN
Mención de edición Primera edición
260 ## - PUBLICACIÓN, DISTRIBUCIÓN, ETC.
Lugar de publicación, distribución, etc. México, D.F. :
Nombre del editor, distribuidor, etc. Secretaría de Educación Pública, Dirección General de Educación Indígena,
Fecha de publicación, distribución, etc. 2014
300 ## - DESCRIPCIÓN FÍSICA
Extensión 68, 51 Páginas
505 00 - NOTA DE CONTENIDO CON FORMATO PREESTABLECIDO
Título Lo que sabemos de la madre tierra como proveedora de vida : los seres vivos desde los conocimientos indígenas. --
-- Lo que sabemos del origen de la vida y nuestro mundo : la astronomía desde los conocimientos indígenas.
650 #4 - ASIENTO SECUNDARIO DE MATERIA - TERMINO TEMATICO
Término de materia o nombre geográfico como elemento de entrada Ciencias naturales
Subdivisión general Estudio y enseñanza (Preescolar)
9 (RLIN) 4176
650 #4 - ASIENTO SECUNDARIO DE MATERIA - TERMINO TEMATICO
9 (RLIN) 18405
Término de materia o nombre geográfico como elemento de entrada Educación preescolar
Subdivisión de forma Libros de texto
650 #4 - ASIENTO SECUNDARIO DE MATERIA - TERMINO TEMATICO
Término de materia o nombre geográfico como elemento de entrada Indígenas de México
Subdivisión general Educación
9 (RLIN) 10
650 #4 - ASIENTO SECUNDARIO DE MATERIA - TERMINO TEMATICO
9 (RLIN) 22553
Término de materia o nombre geográfico como elemento de entrada Hijos de trabajadores migrantes
Subdivisión general Educación
Subdivisión geográfica México
902 ## - ELEMENTOS DE DATOS B LOCAL, LDB (RLIN)
Creó GCH191023
Modificó VíctorGodínez/211123
942 ## - ELEMENTOS DE PUNTO DE ACCESO ADICIONAL (KOHA)
Fuente del sistema de clasificación o colocación Library of Congress Classification
Tipo de ítem Koha Libro
Holdings
Estado de retiro Estado de pérdida Fuente del sistema de clasificación o colocación Estado dañado No para préstamo Código de colección Localización permanente Ubicación/localización actual Ubicación en estantería Fecha de adquisición Clasificación Código de barras Fecha visto por última vez Precio válido a partir de Tipo de ítem Koha Número de copia
    Library of Congress Classification   Disponible (Préstamo en sala) Libros de texto gratuitos Bib. Gregorio Torres Quintero Bib. Gregorio Torres Quintero Colecciones especiales Planta alta 19/10/2023 LB1185 M6 C54 2014 337604 19/10/2023 19/10/2023 Libro  
    Library of Congress Classification   Disponible (Préstamo en sala) Libros de texto gratuitos Bib. Gregorio Torres Quintero Bib. Gregorio Torres Quintero Colecciones especiales Planta alta 19/10/2023 LB1185 M6 C54 2014 337605 19/10/2023 19/10/2023 Libro Ej.2
    Library of Congress Classification   Disponible (Préstamo en sala) Libros de texto gratuitos Bib. Gregorio Torres Quintero Bib. Gregorio Torres Quintero Colecciones especiales Planta alta 19/10/2023 LB1185 M6 C54 2014 337606 19/10/2023 19/10/2023 Libro Ej.3